00751nam a2200277Ia 450000500170000000800460001702000180006303700100008104000080009104000080009904000080010704100080011504100080012308400080013110000380013924500180017724500580019526000230025326000090027636500050028536500080029085600530029894200100035199900210036195200910038220260324130149.0008 260324s9999 xx 000 0 eng d a9781315590806 aEBOOK aCRL beng cCRL 2eng aeng qCRL aAnne-Marie Mooney Cotter91172789 0aJust a Number 3bAn International Legal Analysis on Age Discrimination bTaylor and Francis c2008 a b265 uhttp://www.taylorfrancis.com/books/9781315590806 cEBOOK c1776669d1776669 00104070aCRLbCRLd2026-03-24l0pCL2058844r2026-03-24 13:01:49w2026-03-24yEBOOK